000 00466cam a2200193ua 4500
001 5043
008 120227n ii |||gr||||Z||||||eng
020 _a978-0-19-568182-6
020 _a0-19-568182-7
040 _cMAIN
082 _a550
100 1 _aRedfern, Martin,
_eAuthor.
245 1 1 _aThe Earth
_cby Martin Redfern
250 _a1st.
260 _aNew Delhi:
_bOxford university press,
_c2006.
300 _a141p.
653 _aEarth sciences
942 _cBK
999 _c4227
_d4227